Statistiques concernant Les plus grandes villes européennes par lettre - B

Cliquez ici pour prendre le quiz!

Statistiques générales

  • Ce quiz a été pris 343 fois
    (247 depuis la dernière actualisation)
  • Le résultat moyen est 8 sur 15

Statistiques - réponses

PopulationVille% Correct
4.73mBerlin
93%
4.78mBarcelone
86%
2.70mBruxelles
82%
1.08mBordeaux
73%
2.63mBudapest
73%
2.20mBucarest
72%
3.15mBirmingham
68%
1.42mBelgrade
54%
613kBologne
47%
911kBilbao
41%
926kBristol
30%
623kBelfast
29%
1.00mBreme
29%
771kBale
21%
935kBielefeld
8%

Distribution des résultats

Percentile par nombre de réponses

% des personnes avec chaque résultat

Votre développement - résultats

Vous n’avez pas pris ce quiz depuis la dernière actualisation